00561nam a2200145 a 450000100100000000500170001000800410002704000250006808200150009310000320010824500980014026000590023830000210029750000970031800003285120200930065855.0110727s1938 dr 000 0 spa d aDO-SdBNPbspacBNPHU axxxbH557u1 aHernández, José Enrique13aLa universidad, la escuela y el taller en la egida de Trujillo /cJosé Enrique Hernández. aSantiago, República Dominicana :bL. H. Cruz,c1938. a106 p. ;c21 cm. aConferencia pronunciada en el Partido Dominicano en Santiago, la noche del 12 agosto de 1938